| 000 | 00478nam a2200181 a 4500 | ||
|---|---|---|---|
| 001 | 4901 | ||
| 003 | CO-ViMGA | ||
| 008 | 141112s2004 ck r 000 u spa d | ||
| 040 |
_aCO-ViMGA _bspa _cCO-ViMGA |
||
| 082 | 0 | 4 | _a892.7 C111e |
| 245 | 1 | 0 | _aEl caballo de ebano y otros cuentos de las mil y una noches |
| 250 | _a2a | ||
| 260 |
_aBarcelona : _bLabor, _c1987 |
||
| 300 | _a123 p : il | ||
| 490 | _aBolsillo juvenil, 52 | ||
| 650 | 1 | 4 |
_aCUENTOS ARABES _94269 |
| 942 |
_2ddc _cBK |
||
| 999 |
_c16907 _d16907 |
||